Piosenki - Daria Zawiałow - Statystyki

Ogólne statystyki
  • Ten quiz został rozwiązany 83 razy
  • Średni wynik to 23 z 48
Statystyki odpowiedzi
Rok Piosenka % Poprawnych
2019 Helsinki
81%
2016 Malinowy Chruśniak
81%
2019 Hej Hej!
76%
2021 Metropolis
69%
2021 Kaonashi
66%
2016 Kundel Bury
66%
2019 Punk Fu!
66%
2018 Nie Dobiję Się Do Ciebie
63%
2019 Szarówka
63%
2021 Za krótki sen
62%
2021 Żółta Taksówka
62%
2020 Gdybym Miała Serce
59%
2021 Reflektory - Sny
56%
2017 Miłostki
54%
2019 Saloniki
54%
2017 Pistolet
53%
2021 Fuzuki
50%
2021 Flower Night
49%
2021 Hollow
49%
2019 Płynne Szczęście
49%
2021 Principolo
49%
2021 Serce
49%
2021 Socjopathetic
49%
2017 Król Lul
47%
2016 Lwy
47%
2021 Oczy - Polaroidy
47%
2019 Freddie
46%
2019 Majami Synek
46%
2019 Winter Is Coming
44%
2017 Jeszcze w zielone gramy
40%
2020 Mania
38%
2020 Nie Mamy Czasu
38%
2017 Niemoc
38%
2017 Chameleon
37%
2019 Iskrze Się
37%
2017 Nie Wiem Gdzie Jestem
37%
2019 Zbrodnie Ikara
37%
2019 Kryzys Wieku Naszego
35%
2019 Zimne Ognie
35%
2017 Na Skróty
34%
2017 Noce Ukryte
34%
2019 Czy Ty Słyszysz Mnie?
32%
2017 Skupienie
32%
2017 Od Tygodnia Na Saskiej
31%
2019 Wielka Płyta
31%
2020 Daj No
22%
2021 Wojny i Nocy
18%
2021 Serca gwiazd
16%
Nie znaleziono quizów pasujących do podanych kryteriów
Rozkład punktacji
Procent ludzi z każdym wynikiem
Percentyl według liczby udzielonych odpowiedzi
Twoja historia wyników
Nie rozwiązałeś tego quizu